00408 a2200121 4500001001000000005001700010008004100027245008800068100002100156700002500177773006700202999001700269ART_3674720260410162005.0260409a 10aDonación en el Código Civil de Vélez y en el nuevo Código Civil y Comercial1 aRomano, Elisa G.1 aGarcía, María F.0 tTemas de derecho civilg- Año 2, Nº 2 (feb. 2016)wREV34778 c31616d31616